Central Library OPAC University of Rajshahi

শরৎচন্দ্র ও বাংলার কৃষক / (Record no. 49239)

MARC details
000 -LEADER
fixed length control field 01013nam a2200229 a 4500
001 - CONTROL NUMBER
control field 49239
003 - CONTROL NUMBER IDENTIFIER
rucl marc code BD-RjUL
005 - DATE AND TIME OF LATEST TRANSACTION
control field 20211209054644.0
008 - FIXED-LENGTH DATA ELEMENTS--GENERAL INFORMATION
fixed length control field 160818s1975 II ||||| |||| 00| 0 ben d
035 ## - SYSTEM CONTROL NUMBER
System control number (BD-RjUL)49358
040 ## - CATALOGING SOURCE
Original cataloging agency BD-RjUL
Language of cataloging ben
Transcribing agency BD-RjUL
041 ## - LANGUAGE CODE
Language code of text/sound track or separate title ben
082 ## - DEWEY DECIMAL CLASSIFICATION NUMBER
Edition number 23
Classification number 891.4409
Author mark and year BHS 1975
100 1# - MAIN ENTRY--PERSONAL NAME
Personal name ভট্টাচার্য, কুমুদকুমার
9 (RLIN) 127941
245 10 - TITLE STATEMENT
Title শরৎচন্দ্র ও বাংলার কৃষক /
Statement of responsibility, etc. কুমুদকুমার ভট্টাচার্য
260 ## - PUBLICATION, DISTRIBUTION, ETC. (IMPRINT)
Place of publication, distribution, etc. কলকাতা :
Name of publisher, distributor, etc. চিরায়ত প্রকাশন প্রাইভেট লিমিটেড,
Date of publication, distribution, etc. ১৯৭৫
300 ## - PHYSICAL DESCRIPTION
Pagination [১২], ১১৩ পৃ.
Size ২১ সেমি.
500 ## - GENERAL NOTE
General note নির্ঘণ্ট সংযুক্ত
650 ## - SUBJECT ADDED ENTRY--TOPICAL TERM
Topical term or geographic name as entry element বাংলা সাহিত্য
General subdivision ইতিহাস ও সমালোচনা
9 (RLIN) 147972
Topical term or geographic name as entry element Bengali Literature
General subdivision History and Criticism
9 (RLIN) 147973
942 ## - ADDED ENTRY ELEMENTS (KOHA)
Source of classification or shelving scheme Dewey Decimal Classification
Koha item type Books
Holdings
Lost status Source of classification or shelving scheme Damaged status Not for loan Collection code Permanent Location Current Location Shelving location Date acquired Source of acquisition Cost, normal purchase price Total Checkouts Full call number Date last seen Copy number Koha item type
  Dewey Decimal Classification     Non-fiction Central Library, University of Rajshahi Central Library, University of Rajshahi   11/04/1980 K.P.Bagchi and Co., Calcutta 10.00   B 891.4409 BHS 1975 18/08/2016 C-2 Books
  Dewey Decimal Classification   Not For Loan Non-fiction Central Library, University of Rajshahi Central Library, University of Rajshahi Reading Room 11/04/1980 K.P.Bagchi and Co., Calcutta 10.00   B 891.4409 BHS 1975 14/02/2017 C-1 Books